000 00302nam a2200109Ia 4500
008 200302s9999 xx 000 0 und d
100 _aDr. G. Venkkataramayya
245 _aNarrative art of South Indian Temples (Srisailam)
260 _bBharatiya Kala Prakahan Delhi
260 _c2004
300 _a160 P.,
999 _c3897
_d3897